| 000 | 00480nam a2200157 a 4500 | ||
|---|---|---|---|
| 005 | 20140412111329.0 | ||
| 008 | 030110s19uu xx 00 eng d | ||
| 020 | _a0-02-687118-1 | ||
| 050 |
_aBB _bW429 1995 |
||
| 100 | _aWeiss, George David | ||
| 245 |
_aWhat a wonderful world / _cby George David Weiss and Bob Thiele; pictures by David Blanchette. |
||
| 260 |
_aU. S. A : _bSRA McGraw-Hill, _c1995. |
||
| 300 | _a24 p. ; ill. | ||
| 650 | _aChildren stories | ||
| 999 |
_c104845 _d104845 |
||